[Event "DEM U16 2022"]
[Site "Willingen GER"]
[Date "2022.06.06"]
[Round "3"]
[White "Lerchl, Clemens"]
[Black "Lutsko, Artem"]
[Result "0-1"]
[Termination "normal"]
[Board "1"]
[WhiteElo "1843"]
[BlackElo "2392"]
[WhiteClock "00:32:03"]
[BlackClock "00:39:02"]
[PlyCount "50"]
[WhiteFideId "16226372"]
[BlackFideId "14188767"]
[EventCountry "GER"]
[EventRounds "9"]
[EventType "swiss"]
[EventDate "2022.06.04"]

1. e4 {[%clk 1:30:57]} c5 {[%clk 1:30:58]} 2. Nf3 {[%clk 1:31:21]} d6 {[%clk
1:31:25]} 3. d4 {[%clk 1:31:47]} cxd4 {[%clk 1:31:52]} 4. Nxd4 {[%clk 1:32:11]}
Nf6 {[%clk 1:32:19]} 5. Nc3 {[%clk 1:32:34]} a6 {[%clk 1:32:46]} 6. Be2 {[%clk
1:32:55]} e5 {[%clk 1:33:11]} 7. Nb3 {[%clk 1:33:21]} Be7 {[%clk 1:33:28]} 8.
O-O {[%clk 1:33:45]} O-O {[%clk 1:33:55]} 9. Kh1 {[%clk 1:34:11]} Nc6 {[%clk
1:34:22]} 10. Be3 {[%clk 1:33:53]} Be6 {[%clk 1:33:18]} 11. f4 {[%clk 1:30:59]}
d5 {[%clk 1:27:09]} 12. f5 {[%clk 1:25:02]} d4 {[%clk 1:27:36]} 13. fxe6 {[%clk
1:25:28]} fxe6 {[%clk 1:28:03]} 14. Bg5 {[%clk 1:00:33]} dxc3 {[%clk 1:28:28]}
15. Bxf6 {[%clk 1:00:00]} cxb2 {[%clk 1:18:48]} 16. Rb1 {[%clk 1:00:20]} Qxd1
{[%clk 1:03:55]} 17. Bxd1 {[%clk 1:00:44]} Ba3 {[%clk 1:02:08]} 18. Bg4 {[%clk
0:57:30]} Rxf6 {[%clk 1:02:28]} 19. Rxf6 {[%clk 0:57:22]} gxf6 {[%clk 1:02:55]}
20. Bxe6+ {[%clk 0:57:47]} Kf8 {[%clk 0:55:53]} 21. Nd2 {[%clk 0:52:48]} b5
{[%clk 0:42:02]} 22. Rd1 {[%clk 0:50:51]} Nd4 {[%clk 0:38:29]} 23. Bd5 {[%clk
0:40:46]} Rc8 {[%clk 0:38:55]} 24. c4 {[%clk 0:41:04]} Bb4 {[%clk 0:39:02]} 25.
Bb7 {[%clk 0:32:03]} Bxd2 0-1

[Event "DEM U16 2022"]
[Site "Willingen GER"]
[Date "2022.06.06"]
[Round "3"]
[White "Sidletskyi, Ivan"]
[Black "Mimkes, Antal"]
[Result "1/2-1/2"]
[Termination "normal"]
[Board "3"]
[WhiteElo "2084"]
[BlackElo "1696"]
[WhiteClock "00:04:55"]
[BlackClock "00:06:52"]
[PlyCount "63"]
[WhiteFideId "14156024"]
[BlackFideId "16265963"]
[EventCountry "GER"]
[EventRounds "9"]
[EventType "swiss"]
[EventDate "2022.06.04"]

1. e4 {[%clk 1:30:41]} e5 {[%clk 1:30:38]} 2. Nf3 {[%clk 1:29:45]} Nc6 {[%clk
1:29:33]} 3. Bc4 {[%clk 1:29:42]} Nf6 {[%clk 1:29:28]} 4. d3 {[%clk 1:28:58]}
d5 {[%clk 1:28:33]} 5. exd5 {[%clk 1:29:20]} Nxd5 {[%clk 1:28:45]} 6. O-O
{[%clk 1:29:04]} Bc5 {[%clk 1:27:00]} 7. Re1 {[%clk 1:24:49]} O-O {[%clk
1:24:24]} 8. Nxe5 {[%clk 1:22:53]} Nxe5 {[%clk 1:23:57]} 9. Rxe5 {[%clk
1:23:17]} Bxf2+ {[%clk 1:24:17]} 10. Kxf2 {[%clk 1:23:44]} Qh4+ {[%clk
1:24:40]} 11. Kf1 {[%clk 1:23:04]} Qf6+ {[%clk 1:25:01]} 12. Qf3 {[%clk
1:22:36]} Qxe5 {[%clk 1:25:22]} 13. Bxd5 {[%clk 1:22:50]} c6 {[%clk 1:25:21]}
14. Bb3 {[%clk 1:16:07]} Qxh2 {[%clk 1:25:43]} 15. Be3 {[%clk 0:56:12]} a5
{[%clk 1:25:45]} 16. Nc3 {[%clk 0:51:07]} a4 {[%clk 1:12:07]} 17. Nxa4 {[%clk
0:40:38]} Ra5 {[%clk 1:10:49]} 18. g4 {[%clk 0:38:33]} h5 {[%clk 0:52:09]} 19.
Qg2 {[%clk 0:37:28]} Qe5 {[%clk 0:36:55]} 20. Re1 {[%clk 0:35:47]} Bxg4 {[%clk
0:35:48]} 21. Bc5 {[%clk 0:32:20]} Qf4+ {[%clk 0:26:20]} 22. Qf2 {[%clk
0:29:29]} Rxa4 {[%clk 0:23:17]} 23. Bxa4 {[%clk 0:29:14]} Qxa4 {[%clk 0:23:15]}
24. Bxf8 {[%clk 0:29:24]} Kxf8 {[%clk 0:23:36]} 25. Qe3 {[%clk 0:28:23]} Be6
{[%clk 0:20:39]} 26. c4 {[%clk 0:21:03]} Qa5 {[%clk 0:16:13]} 27. Qe5 {[%clk
0:18:05]} Qd2 {[%clk 0:12:16]} 28. Qb8+ {[%clk 0:17:21]} Ke7 {[%clk 0:10:38]}
29. Qc7+ {[%clk 0:15:56]} Ke8 {[%clk 0:07:53]} 30. Qb8+ {[%clk 0:09:49]} Ke7
{[%clk 0:08:10]} 31. Qc7+ {[%clk 0:05:05]} Ke8 {[%clk 0:06:52]} 32. Qb8+ {[%clk
0:04:55]} 1/2-1/2

[Event "DEM U16 2022"]
[Site "Willingen GER"]
[Date "2022.06.06"]
[Round "3"]
[White "Hommer, Jeremy"]
[Black "Farokhi, Keyvan"]
[Result "0-1"]
[Termination "normal"]
[Board "4"]
[WhiteElo "2123"]
[BlackElo "2360"]
[WhiteClock "00:01:29"]
[BlackClock "00:22:40"]
[PlyCount "112"]
[WhiteFideId "12992577"]
[BlackFideId "12998630"]
[EventCountry "GER"]
[EventRounds "9"]
[EventType "swiss"]
[EventDate "2022.06.04"]

1. e4 {[%clk 1:30:55]} c5 {[%clk 1:30:36]} 2. Nf3 {[%clk 1:31:16]} Nf6 {[%clk
1:30:58]} 3. e5 {[%clk 1:30:04]} Nd5 {[%clk 1:31:19]} 4. Nc3 {[%clk 1:21:12]}
e6 {[%clk 1:31:37]} 5. g3 {[%clk 1:15:13]} Nxc3 {[%clk 1:26:41]} 6. bxc3 {[%clk
1:11:47]} Nc6 {[%clk 1:20:48]} 7. d3 {[%clk 1:10:33]} d6 {[%clk 1:17:42]} 8.
exd6 {[%clk 1:09:50]} Bxd6 {[%clk 1:17:36]} 9. Bg2 {[%clk 1:10:12]} O-O {[%clk
1:16:22]} 10. O-O {[%clk 1:10:37]} Qc7 {[%clk 1:11:12]} 11. c4 {[%clk 1:08:15]}
b6 {[%clk 1:07:44]} 12. Bb2 {[%clk 1:07:21]} Bb7 {[%clk 1:06:30]} 13. Qd2
{[%clk 0:59:21]} Ne5 {[%clk 0:48:57]} 14. Nxe5 {[%clk 0:52:45]} Bxg2 {[%clk
0:49:15]} 15. Kxg2 {[%clk 0:52:30]} Bxe5 {[%clk 0:49:35]} 16. Bxe5 {[%clk
0:52:14]} Qxe5 {[%clk 0:50:01]} 17. a4 {[%clk 0:52:18]} Rad8 {[%clk 0:48:07]}
18. Qe1 {[%clk 0:47:23]} Qf5 {[%clk 0:41:11]} 19. a5 {[%clk 0:46:33]} h5 {[%clk
0:41:29]} 20. h4 {[%clk 0:43:20]} Rd4 {[%clk 0:38:49]} 21. Qe3 {[%clk 0:43:01]}
e5 {[%clk 0:33:48]} 22. axb6 {[%clk 0:37:50]} axb6 {[%clk 0:34:12]} 23. f3
{[%clk 0:38:05]} Re8 {[%clk 0:33:47]} 24. Rfe1 {[%clk 0:35:55]} Re6 {[%clk
0:33:45]} 25. Qg5 {[%clk 0:26:12]} Qxg5 {[%clk 0:28:21]} 26. hxg5 {[%clk
0:26:37]} Kh7 {[%clk 0:28:34]} 27. Ra7 {[%clk 0:26:49]} Kg6 {[%clk 0:28:35]}
28. Rb7 {[%clk 0:26:58]} h4 {[%clk 0:24:43]} 29. Ra1 {[%clk 0:23:46]} hxg3
{[%clk 0:24:53]} 30. Kxg3 {[%clk 0:18:32]} Rf4 {[%clk 0:24:27]} 31. Raa7 {[%clk
0:15:18]} Rf5 {[%clk 0:24:05]} 32. Ra6 {[%clk 0:11:28]} Rxg5+ {[%clk 0:24:02]}
33. Kf2 {[%clk 0:11:45]} f6 {[%clk 0:22:59]} 34. Raxb6 {[%clk 0:11:57]} Rxb6
{[%clk 0:23:09]} 35. Rxb6 {[%clk 0:12:22]} Kf5 {[%clk 0:23:30]} 36. Rc6 {[%clk
0:07:34]} Kf4 {[%clk 0:23:12]} 37. Rxc5 {[%clk 0:08:01]} Rh5 {[%clk 0:14:31]}
38. Kg2 {[%clk 0:05:39]} Ke3 {[%clk 0:14:46]} 39. f4 {[%clk 0:05:33]} Kxf4
{[%clk 0:15:08]} 40. Rc7 {[%clk 0:01:53]} g5 {[%clk 0:11:54]} 41. c5 {[%clk
0:00:42]} f5 {[%clk 0:28:13]} 42. Rd7 {[%clk 0:10:39]} g4 {[%clk 0:22:40]} 43.
c6 {[%clk 0:06:18]} g3 {[%clk 0:22:06]} 44. c4 {[%clk 0:06:01]} Rh2+ {[%clk
0:20:53]} 45. Kg1 {[%clk 0:06:27]} Kf3 {[%clk 0:20:55]} 46. Ra7 {[%clk
0:04:48]} Rh6 {[%clk 0:20:57]} 47. d4 {[%clk 0:02:28]} exd4 {[%clk 0:19:41]}
48. Ra3+ {[%clk 0:01:31]} Kg4 {[%clk 0:20:03]} 49. Rd3 {[%clk 0:01:12]} Rxc6
{[%clk 0:20:16]} 50. Rxd4+ {[%clk 0:01:38]} f4 {[%clk 0:20:38]} 51. Kg2 {[%clk
0:01:55]} Ra6 {[%clk 0:20:57]} 52. c5 {[%clk 0:00:47]} Ra2+ {[%clk 0:21:15]}
53. Kg1 {[%clk 0:00:35]} Kh3 {[%clk 0:21:29]} 54. Rxf4 {[%clk 0:00:34]} Ra1+
{[%clk 0:21:53]} 55. Rf1 {[%clk 0:01:01]} Rxf1+ {[%clk 0:22:18]} 56. Kxf1
{[%clk 0:01:29]} Kh2 {[%clk 0:22:40]} 0-1

[Event "DEM U16 2022"]
[Site "Willingen GER"]
[Date "2022.06.06"]
[Round "3"]
[White "Gluma, Christian"]
[Black "Bakiev, Diyor"]
[Result "0-1"]
[Termination "normal"]
[Board "6"]
[WhiteElo "2014"]
[BlackElo "2236"]
[WhiteClock "00:00:42"]
[BlackClock "00:09:33"]
[PlyCount "72"]
[WhiteFideId "16223209"]
[BlackFideId "16241584"]
[EventCountry "GER"]
[EventRounds "9"]
[EventType "swiss"]
[EventDate "2022.06.04"]

1. e4 {[%clk 1:30:56]} c6 {[%clk 1:30:56]} 2. d4 {[%clk 1:31:20]} d5 {[%clk
1:31:23]} 3. e5 {[%clk 1:31:45]} Bf5 {[%clk 1:31:49]} 4. h4 {[%clk 1:32:05]} h5
{[%clk 1:32:03]} 5. Bd3 {[%clk 1:32:21]} Bxd3 {[%clk 1:32:22]} 6. Qxd3 {[%clk
1:32:44]} Qa5+ {[%clk 1:32:19]} 7. Nd2 {[%clk 1:32:59]} e6 {[%clk 1:32:37]} 8.
Ngf3 {[%clk 1:32:12]} Nh6 {[%clk 1:32:32]} 9. O-O {[%clk 1:31:15]} Nf5 {[%clk
1:32:29]} 10. c4 {[%clk 1:29:47]} Be7 {[%clk 1:32:21]} 11. g3 {[%clk 1:28:42]}
O-O {[%clk 1:32:17]} 12. b3 {[%clk 1:25:28]} Rd8 {[%clk 1:31:49]} 13. Bb2
{[%clk 1:15:47]} c5 {[%clk 1:24:09]} 14. cxd5 {[%clk 1:02:56]} Rxd5 {[%clk
1:23:26]} 15. Nc4 {[%clk 1:00:03]} Qd8 {[%clk 1:10:05]} 16. Ne3 {[%clk
0:53:37]} Nxe3 {[%clk 1:09:23]} 17. fxe3 {[%clk 0:53:56]} cxd4 {[%clk 1:02:54]}
18. exd4 {[%clk 0:52:17]} Nc6 {[%clk 1:02:40]} 19. Qe4 {[%clk 0:44:59]} a5
{[%clk 0:53:35]} 20. Kg2 {[%clk 0:34:03]} a4 {[%clk 0:41:56]} 21. b4 {[%clk
0:27:48]} Nxb4 {[%clk 0:35:28]} 22. Bc1 {[%clk 0:22:04]} Nc6 {[%clk 0:26:58]}
23. Bg5 {[%clk 0:17:23]} Qd7 {[%clk 0:25:20]} 24. Be3 {[%clk 0:15:44]} Rc8
{[%clk 0:22:43]} 25. Rf2 {[%clk 0:13:59]} Bd8 {[%clk 0:17:02]} 26. Raf1 {[%clk
0:11:04]} Ne7 {[%clk 0:16:29]} 27. Bc1 {[%clk 0:04:42]} Nf5 {[%clk 0:15:46]}
28. Bb2 {[%clk 0:04:04]} Be7 {[%clk 0:14:22]} 29. a3 {[%clk 0:02:28]} Rb5
{[%clk 0:13:53]} 30. Kh2 {[%clk 0:01:36]} Qd5 {[%clk 0:11:37]} 31. Qf4 {[%clk
0:01:16]} Rb3 {[%clk 0:11:27]} 32. g4 {[%clk 0:01:14]} hxg4 {[%clk 0:10:56]}
33. Qxg4 {[%clk 0:00:50]} Ne3 {[%clk 0:11:18]} 34. Qg1 {[%clk 0:00:53]} Nxf1+
{[%clk 0:11:07]} 35. Qxf1 {[%clk 0:01:18]} Qe4 {[%clk 0:09:46]} 36. Qh3 {[%clk
0:00:42]} Rc2 {[%clk 0:09:33]} 0-1

[Event "DEM U16 2022"]
[Site "Willingen GER"]
[Date "2022.06.06"]
[Round "3"]
[White "Trushko, Andrii"]
[Black "Heinrich, John"]
[Result "1-0"]
[Termination "normal"]
[Board "7"]
[WhiteElo "1897"]
[BlackElo "2011"]
[WhiteClock "01:07:44"]
[BlackClock "00:22:01"]
[PlyCount "87"]
[WhiteFideId "14172887"]
[BlackFideId "16259491"]
[EventCountry "GER"]
[EventRounds "9"]
[EventType "swiss"]
[EventDate "2022.06.04"]

1. d4 {[%clk 1:30:57]} Nf6 {[%clk 1:30:40]} 2. Bg5 {[%clk 1:31:09]} d5 {[%clk
1:30:46]} 3. e3 {[%clk 1:30:26]} c5 {[%clk 1:30:28]} 4. Bxf6 {[%clk 1:30:54]}
exf6 {[%clk 1:30:45]} 5. c3 {[%clk 1:29:16]} Nc6 {[%clk 1:29:20]} 6. Nd2 {[%clk
1:29:12]} cxd4 {[%clk 1:26:34]} 7. cxd4 {[%clk 1:27:43]} Bf5 {[%clk 1:21:39]}
8. Ngf3 {[%clk 1:26:17]} Qb6 {[%clk 1:17:08]} 9. Qb3 {[%clk 1:25:06]} Nb4
{[%clk 1:12:12]} 10. Rc1 {[%clk 1:24:28]} a5 {[%clk 1:02:50]} 11. a4 {[%clk
1:17:15]} Bd6 {[%clk 0:48:41]} 12. Bb5+ {[%clk 1:15:28]} Ke7 {[%clk 0:48:44]}
13. Nh4 {[%clk 1:10:19]} Be6 {[%clk 0:46:17]} 14. O-O {[%clk 1:07:49]} Rhc8
{[%clk 0:44:15]} 15. Nb1 {[%clk 1:06:04]} Rxc1 {[%clk 0:39:17]} 16. Rxc1 {[%clk
1:06:30]} Qd8 {[%clk 0:39:26]} 17. Nc3 {[%clk 1:02:06]} Kf8 {[%clk 0:37:49]}
18. g3 {[%clk 1:00:10]} Rc8 {[%clk 0:36:10]} 19. Be2 {[%clk 0:59:02]} Bb8
{[%clk 0:34:38]} 20. Qd1 {[%clk 0:56:49]} g5 {[%clk 0:30:41]} 21. Ng2 {[%clk
0:57:02]} Kg7 {[%clk 0:30:16]} 22. Ne1 {[%clk 0:55:26]} h5 {[%clk 0:21:03]} 23.
Nd3 {[%clk 0:51:17]} Nxd3 {[%clk 0:17:44]} 24. Qxd3 {[%clk 0:51:26]} Qb6 {[%clk
0:13:53]} 25. Rc2 {[%clk 0:50:17]} Qb3 {[%clk 0:12:39]} 26. Bd1 {[%clk
0:49:07]} h4 {[%clk 0:11:19]} 27. f4 {[%clk 0:48:53]} hxg3 {[%clk 0:09:16]} 28.
hxg3 {[%clk 0:49:17]} Rh8 {[%clk 0:08:11]} 29. Rh2 {[%clk 0:48:48]} Qb4 {[%clk
0:06:54]} 30. Rxh8 {[%clk 0:48:50]} Kxh8 {[%clk 0:07:19]} 31. Bc2 {[%clk
0:49:10]} f5 {[%clk 0:07:02]} 32. g4 {[%clk 0:49:15]} f6 {[%clk 0:04:07]} 33.
gxf5 {[%clk 0:49:14]} Bf7 {[%clk 0:03:54]} 34. fxg5 {[%clk 0:40:25]} Qd6 {[%clk
0:03:45]} 35. Qe2 {[%clk 0:40:49]} Qg3+ {[%clk 0:03:26]} 36. Kf1 {[%clk
0:41:17]} Qxg5 {[%clk 0:02:55]} 37. Qf3 {[%clk 0:39:42]} Bh5 {[%clk 0:02:10]}
38. Qh3 {[%clk 0:40:11]} Kg7 {[%clk 0:01:35]} 39. Bd1 {[%clk 0:40:40]} Bxd1
{[%clk 0:00:49]} 40. Nxd1 {[%clk 0:41:04]} Bg3 {[%clk 0:00:51]} 41. Kg2 {[%clk
0:40:49]} Bh4+ {[%clk 0:27:23]} 42. Kf3 {[%clk 1:08:56]} Kf8 {[%clk 0:23:55]}
43. Nc3 {[%clk 1:08:50]} Be1 {[%clk 0:22:01]} 44. Nxd5 {[%clk 1:07:44]} 1-0

[Event "DEM U16 2022"]
[Site "Willingen GER"]
[Date "2022.06.06"]
[Round "3"]
[White "Bungarten, Jona"]
[Black "Foerster-Yialamas, Lucas"]
[Result "0-1"]
[Termination "normal"]
[Board "8"]
[BlackTitle "CM"]
[WhiteElo "1843"]
[BlackElo "2117"]
[WhiteClock "00:09:21"]
[BlackClock "00:23:43"]
[PlyCount "75"]
[WhiteFideId "16223608"]
[BlackFideId "30901774"]
[EventCountry "GER"]
[EventRounds "9"]
[EventType "swiss"]
[EventDate "2022.06.04"]

1. e4 {[%clk 1:30:58]} c5 {[%clk 1:30:30]} 2. d4 {[%clk 1:31:15]} cxd4 {[%clk
1:30:50]} 3. c3 {[%clk 1:31:38]} dxc3 {[%clk 1:30:35]} 4. Nxc3 {[%clk 1:32:00]}
Nc6 {[%clk 1:30:29]} 5. Nf3 {[%clk 1:32:19]} d6 {[%clk 1:30:30]} 6. Bc4 {[%clk
1:32:32]} a6 {[%clk 1:29:56]} 7. O-O {[%clk 1:32:46]} Nf6 {[%clk 1:29:55]} 8.
Qe2 {[%clk 1:21:12]} Bg4 {[%clk 1:30:02]} 9. Rd1 {[%clk 1:17:05]} e6 {[%clk
1:29:36]} 10. Bf4 {[%clk 1:14:35]} Nh5 {[%clk 1:29:36]} 11. Qe3 {[%clk
1:02:22]} Nxf4 {[%clk 1:28:55]} 12. Qxf4 {[%clk 1:02:47]} Bxf3 {[%clk 1:28:26]}
13. Qxf3 {[%clk 1:03:01]} Be7 {[%clk 1:27:30]} 14. Qg3 {[%clk 1:00:24]} O-O
{[%clk 1:26:08]} 15. Rd2 {[%clk 0:59:03]} Qa5 {[%clk 1:24:46]} 16. Rad1 {[%clk
0:57:58]} Rac8 {[%clk 1:21:02]} 17. Bb3 {[%clk 0:56:36]} Rfd8 {[%clk 1:18:09]}
18. Qe3 {[%clk 0:51:03]} h6 {[%clk 1:15:23]} 19. Kh1 {[%clk 0:46:35]} Ne5
{[%clk 1:12:47]} 20. Qe2 {[%clk 0:43:17]} b5 {[%clk 1:10:23]} 21. Rd4 {[%clk
0:40:49]} Ng6 {[%clk 0:55:09]} 22. g3 {[%clk 0:32:47]} Rc6 {[%clk 0:49:44]} 23.
Qh5 {[%clk 0:29:38]} Bf6 {[%clk 0:48:46]} 24. R4d3 {[%clk 0:29:26]} Bxc3 {[%clk
0:46:00]} 25. bxc3 {[%clk 0:29:41]} Ne5 {[%clk 0:45:24]} 26. Rd4 {[%clk
0:28:03]} Qxc3 {[%clk 0:37:51]} 27. f4 {[%clk 0:25:50]} Nd7 {[%clk 0:35:15]}
28. e5 {[%clk 0:18:25]} d5 {[%clk 0:32:16]} 29. f5 {[%clk 0:18:04]} Nf8 {[%clk
0:30:18]} 30. f6 {[%clk 0:16:57]} Ng6 {[%clk 0:29:52]} 31. Qe2 {[%clk 0:13:49]}
gxf6 {[%clk 0:28:25]} 32. exf6 {[%clk 0:14:06]} Kh7 {[%clk 0:26:20]} 33. Kg2
{[%clk 0:12:28]} Rg8 {[%clk 0:24:16]} 34. R1d2 {[%clk 0:11:15]} e5 {[%clk
0:23:32]} 35. Rg4 {[%clk 0:10:20]} Nf4+ {[%clk 0:22:55]} 36. Rxf4 {[%clk
0:10:44]} exf4 {[%clk 0:23:15]} 37. Bc2+ {[%clk 0:09:02]} Kh8 {[%clk 0:23:43]}
38. Rxd5 {[%clk 0:09:21]} 0-1

[Event "DEM U16 2022"]
[Site "Willingen GER"]
[Date "2022.06.06"]
[Round "3"]
[White "Beyer, Lorenz"]
[Black "Albert, Markus"]
[Result "0-1"]
[Termination "normal"]
[Board "10"]
[WhiteElo "1512"]
[BlackElo "2053"]
[WhiteClock "00:28:25"]
[BlackClock "00:02:19"]
[PlyCount "84"]
[WhiteFideId "16245393"]
[BlackFideId "16292626"]
[EventCountry "GER"]
[EventRounds "9"]
[EventType "swiss"]
[EventDate "2022.06.04"]

1. d4 {[%clk 1:30:59]} d6 {[%clk 1:30:53]} 2. Nf3 {[%clk 1:31:23]} Bg4 {[%clk
1:31:18]} 3. Bf4 {[%clk 1:31:21]} Nd7 {[%clk 1:31:41]} 4. Nbd2 {[%clk 1:31:22]}
g6 {[%clk 1:30:37]} 5. c3 {[%clk 1:31:36]} Bg7 {[%clk 1:30:54]} 6. h3 {[%clk
1:31:53]} Bxf3 {[%clk 1:30:05]} 7. Nxf3 {[%clk 1:30:08]} e5 {[%clk 1:29:37]} 8.
dxe5 {[%clk 1:29:53]} dxe5 {[%clk 1:29:52]} 9. Bg3 {[%clk 1:30:07]} f5 {[%clk
1:29:22]} 10. Qb3 {[%clk 1:28:09]} Rb8 {[%clk 1:06:07]} 11. Rd1 {[%clk
1:19:57]} Qe7 {[%clk 1:01:17]} 12. Bh4 {[%clk 1:06:15]} Ngf6 {[%clk 0:49:08]}
13. e3 {[%clk 0:59:47]} c6 {[%clk 0:22:13]} 14. Bc4 {[%clk 0:45:20]} b5 {[%clk
0:16:44]} 15. Be2 {[%clk 0:44:20]} Nc5 {[%clk 0:16:52]} 16. Qa3 {[%clk
0:43:37]} h6 {[%clk 0:10:37]} 17. Nxe5 {[%clk 0:41:32]} b4 {[%clk 0:03:23]} 18.
cxb4 {[%clk 0:40:25]} Qxe5 {[%clk 0:02:17]} 19. Bg3 {[%clk 0:40:01]} Qe4 {[%clk
0:02:29]} 20. Bxb8 {[%clk 0:35:06]} Qxg2 {[%clk 0:02:37]} 21. Rh2 {[%clk
0:35:04]} Qg1+ {[%clk 0:02:11]} 22. Bf1 {[%clk 0:35:28]} Ncd7 {[%clk 0:01:31]}
23. Rg2 {[%clk 0:35:42]} Qh1 {[%clk 0:01:54]} 24. Bh2 {[%clk 0:34:17]} O-O
{[%clk 0:01:34]} 25. Qxa7 {[%clk 0:34:22]} Rf7 {[%clk 0:01:02]} 26. Qa8+ {[%clk
0:33:26]} Kh7 {[%clk 0:01:26]} 27. Qxc6 {[%clk 0:33:42]} Re7 {[%clk 0:01:11]}
28. Qd6 {[%clk 0:32:50]} Bf8 {[%clk 0:01:20]} 29. Qg3 {[%clk 0:33:15]} Ne5
{[%clk 0:01:13]} 30. f3 {[%clk 0:30:29]} Nh5 {[%clk 0:01:15]} 31. Qf2 {[%clk
0:29:17]} Nc4 {[%clk 0:01:06]} 32. Rg1 {[%clk 0:28:06]} Rxe3+ {[%clk 0:01:20]}
33. Qxe3 {[%clk 0:28:32]} Bxb4+ {[%clk 0:01:33]} 34. Ke2 {[%clk 0:28:03]} Qxh2+
{[%clk 0:01:51]} 35. Rg2 {[%clk 0:27:57]} Nf4+ {[%clk 0:01:12]} 36. Kf2 {[%clk
0:28:23]} Nxh3+ {[%clk 0:01:30]} 37. Ke2 {[%clk 0:28:46]} Nf4+ {[%clk 0:01:51]}
38. Qxf4 {[%clk 0:28:18]} Qxf4 {[%clk 0:02:11]} 39. Rd7+ {[%clk 0:28:39]} Kh8
{[%clk 0:02:16]} 40. Rxg6 {[%clk 0:28:13]} Ne5 {[%clk 0:02:01]} 41. Rd8+ {[%clk
0:28:00]} Kh7 {[%clk 0:02:01]} 42. Rgg8 {[%clk 0:28:25]} Qxf3# {[%clk 0:02:19]}
0-1

[Event "DEM U16 2022"]
[Site "Willingen GER"]
[Date "2022.06.06"]
[Round "3"]
[White "Chassard, Cedric"]
[Black "Bock, Marlon"]
[Result "1-0"]
[Termination "normal"]
[Board "11"]
[WhiteElo "2072"]
[BlackElo "1816"]
[WhiteClock "00:27:48"]
[BlackClock "00:30:19"]
[PlyCount "97"]
[WhiteFideId "16243536"]
[BlackFideId "16244931"]
[EventCountry "GER"]
[EventRounds "9"]
[EventType "swiss"]
[EventDate "2022.06.04"]

1. e4 {[%clk 1:30:56]} c5 {[%clk 1:30:55]} 2. Nf3 {[%clk 1:31:20]} Nc6 {[%clk
1:31:22]} 3. Bb5 {[%clk 1:31:45]} e6 {[%clk 1:31:16]} 4. Bxc6 {[%clk 1:31:48]}
bxc6 {[%clk 1:30:49]} 5. e5 {[%clk 1:26:51]} d5 {[%clk 1:25:20]} 6. exd6 {[%clk
1:26:04]} Bxd6 {[%clk 1:24:55]} 7. d3 {[%clk 1:25:09]} Nf6 {[%clk 1:22:28]} 8.
O-O {[%clk 1:24:33]} O-O {[%clk 1:19:07]} 9. b3 {[%clk 1:20:47]} Ba6 {[%clk
1:11:34]} 10. Bb2 {[%clk 1:19:46]} Re8 {[%clk 1:08:16]} 11. Nbd2 {[%clk
1:19:21]} e5 {[%clk 1:02:56]} 12. Re1 {[%clk 1:19:06]} Qc7 {[%clk 1:02:10]} 13.
Qe2 {[%clk 1:10:01]} Nd5 {[%clk 0:54:04]} 14. Ne4 {[%clk 1:03:59]} f6 {[%clk
0:50:03]} 15. Ba3 {[%clk 1:01:03]} Nb4 {[%clk 0:43:35]} 16. Qd2 {[%clk
0:59:27]} Rab8 {[%clk 0:41:13]} 17. c3 {[%clk 0:53:27]} Nxd3 {[%clk 0:32:59]}
18. Re3 {[%clk 0:43:05]} f5 {[%clk 0:25:38]} 19. Nxd6 {[%clk 0:39:02]} Qxd6
{[%clk 0:26:01]} 20. Rd1 {[%clk 0:28:45]} e4 {[%clk 0:24:24]} 21. Ne1 {[%clk
0:27:10]} Qe7 {[%clk 0:20:19]} 22. c4 {[%clk 0:26:12]} f4 {[%clk 0:18:00]} 23.
Re2 {[%clk 0:21:10]} Nxe1 {[%clk 0:15:46]} 24. Rexe1 {[%clk 0:20:49]} Qg5
{[%clk 0:14:46]} 25. Bc1 {[%clk 0:20:12]} e3 {[%clk 0:13:42]} 26. fxe3 {[%clk
0:19:59]} f3 {[%clk 0:13:15]} 27. e4 {[%clk 0:16:25]} Qg4 {[%clk 0:12:21]} 28.
h3 {[%clk 0:14:16]} Qg6 {[%clk 0:12:16]} 29. Qg5 {[%clk 0:14:03]} Rf8 {[%clk
0:08:54]} 30. Qxg6 {[%clk 0:13:27]} f2+ {[%clk 0:08:49]} 31. Kh2 {[%clk
0:13:36]} hxg6 {[%clk 0:08:46]} 32. Rf1 {[%clk 0:13:37]} Rbe8 {[%clk 0:07:59]}
33. Rd7 {[%clk 0:09:34]} Rxe4 {[%clk 0:06:54]} 34. Bb2 {[%clk 0:09:38]} Kh7
{[%clk 0:04:52]} 35. Bxg7 {[%clk 0:06:50]} Rf5 {[%clk 0:04:36]} 36. g4 {[%clk
0:05:29]} Rf3 {[%clk 0:02:26]} 37. Kg2 {[%clk 0:05:07]} Ref4 {[%clk 0:02:35]}
38. Bd4+ {[%clk 0:03:37]} Rf7 {[%clk 0:01:43]} 39. Rxf7+ {[%clk 0:03:45]} Rxf7
{[%clk 0:02:09]} 40. Rxf2 {[%clk 0:01:04]} Rxf2+ {[%clk 0:02:05]} 41. Bxf2
{[%clk 0:01:27]} Bc8 {[%clk 0:02:28]} 42. Bxc5 {[%clk 0:01:52]} a6 {[%clk
0:02:49]} 43. Kf3 {[%clk 0:01:18]} Kg7 {[%clk 0:02:04]} 44. Kf4 {[%clk
0:30:17]} Kf6 {[%clk 0:31:44]} 45. Bd4+ {[%clk 0:30:41]} Ke6 {[%clk 0:31:56]}
46. Kg5 {[%clk 0:29:14]} Kf7 {[%clk 0:32:04]} 47. h4 {[%clk 0:29:05]} Kg8
{[%clk 0:29:55]} 48. Kxg6 {[%clk 0:27:54]} Bxg4 {[%clk 0:30:19]} 49. Kf6 {[%clk
0:27:48]} 1-0